[Event "EU-ch U18 Girls 19th"]
[Site "Fermo"]
[Date "2009.09.06"]
[Round "6"]
[White "Zier, Verena"]
[Black "Dorici, Alice"]
[Result "1-0"]
[WhiteElo "1982"]
[BlackElo "1817"]
[PlyCount "57"]
[EventDate "2009.08.31"]
[EventType "swiss"]
[EventRounds "9"]
[EventCountry "ITA"]
[SourceTitle "CBM 132 Extra"]
[Source "ChessBase"]
[SourceDate "2009.11.03"]
[SourceVersion "1"]
[SourceVersionDate "2009.11.03"]
[SourceQuality "1"]

1. d4 d5 2. c4 c6 3. Nc3 Bf5 4. e3 Nf6 5. Nf3 Nbd7 6. Nh4 Bg6 7. Nxg6 hxg6 8. cxd5 cxd5 9. Qb3 Qb6 10. Nxd5 Qxb3 11. Nxf6+ gxf6 12. axb3 Rc8 13. Bd2 a6 14. Be2 e6 15. Bf3 Rc7 16. 0-0 Bd6 17. g3 Nf8 18. Rfc1 Rd7 19. Rc8+ Ke7 20. Rac1 e5 21. dxe5 Bxe5 22. Bb4+ Bd6 23. Bxd6+ Kxd6 24. Rd1+ Ke7 25. Rxd7+ Kxd7 26. Bxb7 Ke7 27. Bxa6 Rh5 28. Rc7+ Ke8 29. Bc4 1-0

[Event "EU-ch U18 Girls 19th"]
[Site "Fermo"]
[Date "2009.08.31"]
[Round "1"]
[White "Tsatsalashvili, Ketevan"]
[Black "Zier, Verena"]
[Result "1-0"]
[WhiteElo "2255"]
[BlackElo "1982"]
[PlyCount "125"]
[EventDate "2009.08.31"]
[EventType "swiss"]
[EventRounds "9"]
[EventCountry "ITA"]
[SourceTitle "CBM 132 Extra"]
[Source "ChessBase"]
[SourceDate "2009.11.03"]
[SourceVersion "1"]
[SourceVersionDate "2009.11.03"]
[SourceQuality "1"]

1. d4 d5 2. c4 e6 3. Nf3 Nf6 4. Bg5 Be7 5. e3 0-0 6. Nc3 h6 7. Bh4 b6 8. Bd3 dxc4 9. Bxc4 Bb7 10. 0-0 Nbd7 11. Qe2 Ne4 12. Nxe4 Bxe4 13. Bg3 Bd6 14. Bxd6 cxd6 15. Ba6 Nb8 16. Bb5 a6 17. Ba4 Ra7 18. Rfd1 Ba8 19. Bb3 d5 20. Rac1 Rc7 21. Ne5 Bb7 22. Nd3 Qd6 23. Rxc7 Qxc7 24. Rc1 Nc6 25. Qc2 Qd6 26. h3 Rc8 27. Qd2 Ne7 28. Bc2 Ng6 29. a3 Nf8 30. Ba4 Rc7 31. Rc3 Nd7 32. Bxd7 Rxc3 33. Qxc3 Qxd7 34. Qb4 Qc7 35. Ne5 Qc1+ 36. Kh2 Qc7 37. g3 h5 38. h4 Qd8 39. Qd2 Qe8 40. Qe2 g6 41. Qf3 Kg7 42. Qf4 Qe7 43. b4 Bc8 44. Nd3 Bb7 45. Qb8 Qd7 46. Nf4 a5 47. b5 Qe7 48. a4 f6 49. Nxe6+ Qxe6 50. Qxb7+ Kg8 51. Kg1 Qd6 52. Qc8+ Kg7 53. Qe8 Qc7 54. Qc6 Qd8 55. e4 dxe4 56. Qxe4 Qd6 57. Qb7+ Kg8 58. d5 Qe5 59. Qxb6 Qxd5 60. Qxa5 Qd1+ 61. Kh2 Qd4 62. Qa8+ Kg7 63. Kg2 1-0

[Event "Nuremberg LGA Cup 4th"]
[Site "Nuremberg"]
[Date "2007.09.06"]
[Round "1"]
[White "Zier, Verena"]
[Black "Rau, Hannes"]
[Result "0-1"]
[WhiteElo "1946"]
[BlackElo "2412"]
[PlyCount "128"]
[EventDate "2007.09.06"]
[EventType "swiss"]
[EventRounds "7"]
[EventCountry "GER"]
[SourceTitle "CBM 120 Extra"]
[Source "ChessBase"]
[SourceDate "2007.11.01"]
[SourceVersion "1"]
[SourceVersionDate "2007.11.01"]
[SourceQuality "1"]

1. d4 Nf6 2. c4 e6 3. Nc3 Bb4 4. Bg5 h6 5. Bh4 c5 6. d5 d6 7. e3 Bxc3+ 8. bxc3 e5 9. Nf3 g5 10. Bg3 Qa5 11. Qb3 Ne4 12. Rc1 Nd7 13. Bd3 Ndf6 14. Nd2 Nxd2 15. Kxd2 Bd7 16. Qxb7 Ke7 17. Qb2 Rhb8 18. Qa1 e4 19. Be2 Rb6 20. Rb1 Qa4 21. Rb2 Bg4 22. f3 Bf5 23. Rc1 Nd7 24. f4 Rab8 25. Rcb1 Rxb2+ 26. Rxb2 Nb6 27. Qb1 Nxc4+ 28. Bxc4 Rxb2+ 29. Qxb2 Qxc4 30. Qc2 Qxd5+ 31. Ke1 g4 32. c4 Qb7 33. Bh4+ Kd7 34. Qa4+ Kc7 35. Qa5+ Qb6 36. Qxb6+ axb6 37. Kd2 Be6 38. Kc3 b5 39. cxb5 Bxa2 40. Be7 Kd7 41. Bh4 d5 42. Bf6 Kc7 43. Bg7 h5 44. g3 Kb6 45. Bf6 Kxb5 46. Be7 Bc4 47. Bf8 Bf1 48. Be7 Kc6 49. Bf8 f6 50. Be7 f5 51. Bf8 d4+ 52. exd4 c4 53. Ba3 e3 54. Bc1 e2 55. Bd2 Kd5 56. Be1 Bg2 57. Bf2 Be4 58. Kd2 Bd3 59. Ke3 Kc6 60. Be1 Kb5 61. Bd2 Ka4 62. Be1 Be4 63. Kxe2 Kb3 64. Kd1 Kb2 0-1

[Event "Blankenburg op-A 14th"]
[Site "Blankenburg"]
[Date "2006.09.30"]
[Round "2"]
[White "Boettcher, Dietmar"]
[Black "Zier, Verena"]
[Result "0-1"]
[WhiteElo "1846"]
[BlackElo "1918"]
[PlyCount "32"]
[EventDate "2006.09.29"]
[EventType "swiss"]
[EventRounds "7"]
[EventCountry "GER"]
[SourceTitle "EXT 2015"]
[Source "ChessBase"]
[SourceDate "2014.11.20"]
[SourceVersion "1"]
[SourceVersionDate "2014.11.20"]
[SourceQuality "1"]

1. d4 e6 2. Nf3 Nf6 3. Bg5 c5 4. c3 Qb6 5. Qc2 Nc6 6. e3 d5 7. Nbd2 cxd4 8. exd4 Bd7 9. Bd3 Rc8 10. 0-0 Nb4 11. Qb1 Nxd3 12. Qxd3 Bb5 13. Qc2 Bxf1 14. Rxf1 Be7 15. Qa4+ Rc6 16. Ne5 Qa6 0-1

[Event "Blankenburg op-A 14th"]
[Site "Blankenburg"]
[Date "2006.09.30"]
[Round "3"]
[White "Heinze, Alexander"]
[Black "Zier, Verena"]
[Result "1-0"]
[WhiteElo "2089"]
[BlackElo "1918"]
[PlyCount "33"]
[EventDate "2006.09.29"]
[EventType "swiss"]
[EventRounds "7"]
[EventCountry "GER"]
[SourceTitle "EXT 2015"]
[Source "ChessBase"]
[SourceDate "2014.11.20"]
[SourceVersion "1"]
[SourceVersionDate "2014.11.20"]
[SourceQuality "1"]

1. e4 e6 2. d4 d5 3. Nd2 Be7 4. e5 c5 5. c3 Nc6 6. Ndf3 f6 7. exf6 Nxf6 8. Bd3 0-0 9. Ne2 cxd4 10. cxd4 Bd6 11. Nc3 e5 12. dxe5 Nxe5 13. Nxe5 Bxe5 14. Bg5 Re8 15. 0-0 Bxh2+ 16. Kxh2 Ng4+ 17. Qxg4 1-0

[Event "Blankenburg op-A 14th"]
[Site "Blankenburg"]
[Date "2006.09.29"]
[Round "1"]
[White "Zier, Verena"]
[Black "Kahe, Ralph"]
[Result "0-1"]
[WhiteElo "1918"]
[BlackElo "2170"]
[PlyCount "128"]
[EventDate "2006.09.29"]
[EventType "swiss"]
[EventRounds "7"]
[EventCountry "GER"]
[SourceTitle "EXT 2015"]
[Source "ChessBase"]
[SourceDate "2014.11.20"]
[SourceVersion "1"]
[SourceVersionDate "2014.11.20"]
[SourceQuality "1"]

1. d4 Nf6 2. c4 g6 3. Nc3 Bg7 4. g3 0-0 5. Bg2 d6 6. Nf3 Nc6 7. 0-0 a6 8. d5 Na5 9. Nd2 c5 10. Qc2 e6 11. Rb1 exd5 12. Nxd5 Nxd5 13. cxd5 Re8 14. e3 Bf5 15. e4 Bd7 16. b3 b5 17. Bb2 Rc8 18. Bxg7 Kxg7 19. Qb2+ Qf6 20. Qxf6+ Kxf6 21. Rbc1 Kg7 22. Rfe1 c4 23. bxc4 bxc4 24. Re3 Bb5 25. Bf1 Rc5 26. Rcc3 Rec8 27. f4 R8c7 28. Kf2 f6 29. Nf3 Bd7 30. Nd4 Kf7 31. Bg2 Rb7 32. f5 Rb2+ 33. Re2 Rxe2+ 34. Kxe2 gxf5 35. Nxf5 Bxf5 36. exf5 Nb7 37. Ke3 Ra5 38. Rc2 Nc5 39. Kd4 Ra4 40. Bf1 Nd7 41. Rb2 Ne5 42. Be2 Kg7 43. Kc3 a5 44. Rb7+ Kh6 45. Kb2 Rb4+ 46. Rxb4 axb4 47. h4 Kg7 48. Kc2 Kf7 49. Kd2 Ke7 50. Ke3 Kd8 51. Kd4 c3 52. Bd1 Kc7 53. a3 bxa3 54. Kxc3 a2 55. Kb2 Kb6 56. Kxa2 Kc5 57. Kb3 h6 58. Kc3 Kxd5 59. Bc2 Nf3 60. Bb1 Ke5 61. Bd3 Nd4 62. g4 Nf3 63. g5 fxg5 64. hxg5 hxg5 0-1

[Event "Nuremberg LGA Cup 3rd"]
[Site "Nuremberg"]
[Date "2006.09.07"]
[Round "1.22"]
[White "Zier, Verena"]
[Black "Renner, Christoph"]
[Result "0-1"]
[WhiteElo "1918"]
[BlackElo "2424"]
[PlyCount "52"]
[EventDate "2006.09.07"]
[EventType "swiss"]
[EventRounds "7"]
[EventCountry "GER"]
[SourceTitle "EXT 2022"]
[Source "ChessBase"]
[SourceDate "2021.10.06"]
[SourceVersion "1"]
[SourceVersionDate "2021.10.06"]
[SourceQuality "1"]

1. d4 Nf6 2. c4 e6 3. Nc3 Bb4 4. Bg5 h6 5. Bh4 c5 6. d5 d6 7. e3 0-0 8. Bd3 exd5 9. cxd5 Nbd7 10. Nge2 a6 11. 0-0 Re8 12. a3 Ba5 13. Bc2 b5 14. b4 cxb4 15. axb4 Bxb4 16. Nxb5 Bb7 17. Nbc3 Qc7 18. Qd4 a5 19. Rfc1 Ba6 20. Ne4 Nxe4 21. Bxe4 Bc5 22. Ra2 Qb6 23. Qa4 Bb5 24. Qc2 Bxe2 25. Bf5 Bb5 26. Rb1 Bb4 0-1

[Event "GER-ch U16 Girls"]
[Site "Willingen"]
[Date "2006.06.07"]
[Round "7"]
[White "Zier, Verena"]
[Black "Reh, Theresa"]
[Result "1-0"]
[WhiteElo "1872"]
[BlackElo "1840"]
[PlyCount "61"]
[EventDate "2006.06.03"]
[EventType "swiss"]
[EventRounds "9"]
[EventCountry "GER"]
[SourceTitle "EXT 2007"]
[Source "ChessBase"]
[SourceDate "2006.11.23"]
[SourceVersion "1"]
[SourceVersionDate "2006.11.23"]
[SourceQuality "1"]

1. d4 Nf6 2. c4 g6 3. Nc3 Bg7 4. e4 d6 5. Bd3 0-0 6. Nge2 e5 7. d5 a5 8. f3 Na6 9. Bc2 Nc5 10. Bg5 h6 11. Be3 b6 12. Qd2 Kh7 13. 0-0-0 Bd7 14. g4 Ng8 15. Ng3 Qe8 16. h4 Na6 17. Rdg1 Ne7 18. Qe2 Nc8 19. f4 exf4 20. Bxf4 Na7 21. g5 Be5 22. Be3 Bxg3 23. Rxg3 h5 24. Bd4 Nb4 25. Bb1 Rb8 26. Rf1 c5 27. Bf6 Kg8 28. e5 Nc8 29. Re3 Bg4 30. Qf2 dxe5 31. Bxe5 1-0

[Event "Stuttgart-chA int"]
[Site "Ditzingen"]
[Date "2006.05.27"]
[Round "6"]
[White "Fahnenschmidt, Gerhard"]
[Black "Zier, Verena"]
[Result "1-0"]
[WhiteElo "2171"]
[BlackElo "1872"]
[PlyCount "83"]
[EventDate "2006.05.25"]
[EventType "swiss"]
[EventRounds "7"]
[EventCountry "GER"]
[SourceTitle "EXT 2018"]
[Source "ChessBase"]
[SourceDate "2017.10.13"]
[SourceVersion "1"]
[SourceVersionDate "2017.10.13"]
[SourceQuality "1"]

1. c4 e6 2. Nc3 d5 3. d4 Be7 4. Nf3 Nf6 5. Bg5 h6 6. Bh4 0-0 7. e3 b6 8. Rc1 Bb7 9. Qc2 Nbd7 10. cxd5 exd5 11. Bd3 c5 12. Qe2 Ne4 13. Bxe7 Nxc3 14. Bxd8 Nxe2 15. Kxe2 Rfxd8 16. dxc5 bxc5 17. Bb5 Rac8 18. Rc3 Bc6 19. Bxc6 Rxc6 20. Rd1 Rd6 21. Ra3 a6 22. Ra5 Rb8 23. b3 Rbb6 24. Rc1 Kf8 25. Ne1 Rb5 26. Ra4 Ne5 27. f4 Nd7 28. Nd3 Re6 29. Kf3 Ke7 30. f5 Rd6 31. g4 g5 32. Ke2 Rc6 33. e4 dxe4 34. Rxe4+ Kf6 35. b4 Rd6 36. Nxc5 Nxc5 37. Rxc5 Rxc5 38. bxc5 Rc6 39. Ra4 Ke5 40. Kd3 Kd5 41. Ra5 f6 42. h3 1-0

[Event "GER-ch U14 Girls"]
[Site "Willingen"]
[Date "2005.05.17"]
[Round "5"]
[White "Zier, Verena"]
[Black "Karmann, Anna"]
[Result "1/2-1/2"]
[WhiteElo "1844"]
[BlackElo "1639"]
[PlyCount "97"]
[EventDate "2005.05.14"]
[EventType "swiss"]
[EventRounds "9"]
[EventCountry "GER"]
[SourceTitle "CBM 106 Extra"]
[Source "ChessBase"]
[SourceDate "2005.07.01"]
[SourceVersion "1"]
[SourceVersionDate "2005.07.01"]
[SourceQuality "1"]

1. d4 d5 2. c4 e6 3. Nc3 c5 4. cxd5 exd5 5. Nf3 Nc6 6. e3 c4 7. Be2 Bb4 8. 0-0 Nge7 9. Nd2 0-0 10. Bf3 Bf5 11. a3 Ba5 12. Re1 Bd3 13. Nf1 a6 14. Bd2 b5 15. Ne2 Bc7 16. Nfg3 Re8 17. Nc1 Bg6 18. Bh5 Qd6 19. Na2 a5 20. Nc3 Rab8 21. Bxg6 Qxg6 22. Qb1 Qd6 23. Qc2 b4 24. Nce2 h5 25. axb4 h4 26. Nf1 Nxb4 27. Bxb4 Rxb4 28. Ra4 Reb8 29. Rb1 Nc6 30. Raa1 R4b7 31. Nc1 Qf6 32. b3 Nb4 33. Qc3 cxb3 34. Rxb3 Qg6 35. Rab1 h3 36. Ng3 hxg2 37. Kxg2 Bd6 38. Qa1 Bc7 39. Qc3 Bd6 40. Qa1 Rb5 41. Qa4 Qc2 42. Qa1 Qg6 43. Qa4 f5 44. Na2 Bxg3 45. hxg3 f4 46. Nc3 fxg3 47. fxg3 Qc2+ 48. Kh3 Qf5+ 49. Kg2 1/2-1/2

[Event "Nuremberg-ch op 05th"]
[Site "Nuremberg"]
[Date "2005.05.06"]
[Round "1"]
[White "Zier, Verena"]
[Black "Hirn, Oskar"]
[Result "0-1"]
[WhiteElo "1648"]
[BlackElo "2169"]
[PlyCount "120"]
[EventDate "2005.05.06"]
[EventType "swiss"]
[EventRounds "5"]
[EventCountry "GER"]
[SourceTitle "EXT 2007"]
[Source "ChessBase"]
[SourceDate "2006.11.23"]
[SourceVersion "1"]
[SourceVersionDate "2006.11.23"]
[SourceQuality "1"]

1. d4 Nf6 2. c4 e6 3. Nc3 Bb4 4. Bg5 h6 5. Bh4 c5 6. d5 Qa5 7. Bxf6 gxf6 8. Qc2 d6 9. e4 Bxc3+ 10. Qxc3 Qxc3+ 11. bxc3 e5 12. Bd3 Rg8 13. Kf1 Kd8 14. Ne2 Kc7 15. Ng3 Nd7 16. Nf5 Rh8 17. Ne7 Nb6 18. Nxc8 Raxc8 19. Ke2 Rce8 20. Kd2 Rhg8 21. g3 Rg5 22. Rae1 Rg4 23. Rhg1 Reg8 24. Rgf1 Kd8 25. Kc2 h5 26. Re2 h4 27. Kd2 Rh8 28. Kc2 Rg7 29. Kd2 Rgh7 30. Rh1 hxg3 31. fxg3 Rh3 32. Rg2 Ke7 33. Be2 Rg8 34. Bf1 Nd7 35. Rf2 Rh6 36. Rg1 Rgh8 37. Rgg2 Rh3 38. Be2 Rg8 39. Kc2 a6 40. Kd2 Rhh8 41. Ke3 Rb8 42. Bg4 Nb6 43. Kd3 Na8 44. a4 b5 45. axb5 axb5 46. cxb5 Rxb5 47. Bd1 Nc7 48. c4 Rb1 49. Bc2 Ra1 50. Rd2 Na6 51. Ke3 Nb4 52. Bd3 Rha8 53. Rge2 R8a3 54. Rf2 Rc1 55. Ke2 Rcc3 56. Rf3 Kf8 57. h3 Kg7 58. h4 Na2 59. Kf2 Nc1 60. Be2 Nxe2 0-1

[Event "GER-ch U14 Girls"]
[Site "Willingen"]
[Date "2004.06.04"]
[Round "9"]
[White "Zier, Verena"]
[Black "Van Orsouw, Svenja"]
[Result "1/2-1/2"]
[WhiteElo "1605"]
[BlackElo "1484"]
[PlyCount "31"]
[EventDate "2004.06.??"]
[EventType "swiss"]
[EventRounds "9"]
[EventCountry "GER"]
[SourceTitle "EXT 2005"]
[Source "ChessBase"]
[SourceDate "2004.11.15"]
[SourceVersion "1"]
[SourceVersionDate "2004.11.15"]
[SourceQuality "1"]

1. d4 Nf6 2. c4 d6 3. Nc3 g6 4. g3 Bg7 5. Bg2 0-0 6. Nf3 Nbd7 7. 0-0 Qe8 8. Re1 c5 9. d5 Nb6 10. Nd2 Rb8 11. Qc2 e5 12. b3 Bd7 13. Bb2 Qc8 14. Rac1 Bh3 15. Bh1 Ne8 16. e3 1/2-1/2

[Event "BAY-SAC m U18"]
[Site "Germany"]
[Date "2003.11.01"]
[Round "2"]
[White "Zier, Verena"]
[Black "Pantusenko, Valeria"]
[Result "0-1"]
[WhiteElo "1394"]
[BlackElo "1194"]
[PlyCount "70"]
[EventDate "2003.10.??"]
[EventType "team"]
[EventRounds "3"]
[EventCountry "GER"]
[SourceTitle "EXT 2005"]
[Source "ChessBase"]
[SourceDate "2004.11.15"]
[SourceVersion "1"]
[SourceVersionDate "2004.11.15"]
[SourceQuality "1"]

1. d4 d5 2. c4 e6 3. Nc3 Nf6 4. cxd5 exd5 5. Bg5 c6 6. Qc2 Be7 7. e3 Ne4 8. Nxe4 Bxg5 9. Nc3 0-0 10. Bd3 f5 11. Nf3 Be6 12. 0-0-0 Nd7 13. h4 Be7 14. h5 a5 15. g3 b5 16. Nh4 Bxh4 17. Rxh4 a4 18. Rf4 Qg5 19. Rh1 Nb6 20. Ne2 b4 21. Qd2 b3 22. a3 Nc4 23. Nc3 Nxd2 24. Kxd2 Qe7 25. f3 Qg5 26. Ne2 Rfc8 27. Rfh4 c5 28. dxc5 Rxc5 29. Nd4 Re8 30. Bb5 Bd7 31. f4 Qe7 32. Re1 Bxb5 33. Nxb5 Rxb5 34. Kd3 Qe4+ 35. Kd2 Qc2# 0-1